<?xml version="1.0" encoding="UTF-8"?><?xml-stylesheet type="text/xsl" href="static/style.xsl"?><OAI-PMH xmlns="http://www.openarchives.org/OAI/2.0/" xmlns:xsi="http://www.w3.org/2001/XMLSchema-instance" xsi:schemaLocation="http://www.openarchives.org/OAI/2.0/ http://www.openarchives.org/OAI/2.0/OAI-PMH.xsd"><responseDate>2026-04-17T07:52:50Z</responseDate><request verb="GetRecord" identifier="oai:www.recercat.cat:2117/393351" metadataPrefix="marc">https://recercat.cat/oai/request</request><GetRecord><record><header><identifier>oai:recercat.cat:2117/393351</identifier><datestamp>2025-07-23T04:36:46Z</datestamp><setSpec>com_2072_1033</setSpec><setSpec>col_2072_452951</setSpec></header><metadata><record xmlns="http://www.loc.gov/MARC21/slim" xmlns:dcterms="http://purl.org/dc/terms/" xmlns:xsi="http://www.w3.org/2001/XMLSchema-instance" xmlns:doc="http://www.lyncode.com/xoai" xsi:schemaLocation="http://www.loc.gov/MARC21/slim http://www.loc.gov/standards/marcxml/schema/MARC21slim.xsd">
   <leader>00925njm 22002777a 4500</leader>
   <datafield ind2=" " ind1=" " tag="042">
      <subfield code="a">dc</subfield>
   </datafield>
   <datafield ind2=" " ind1=" " tag="720">
      <subfield code="a">Rashidi, Amir</subfield>
      <subfield code="e">author</subfield>
   </datafield>
   <datafield ind2=" " ind1=" " tag="260">
      <subfield code="c">2023-07-13</subfield>
   </datafield>
   <datafield ind2=" " ind1=" " tag="520">
      <subfield code="a">The interior design and construction industry involves various stakeholders who must collaborate&#xd;
and coordinate effectively to ensure the successful realization of projects. However, the existing&#xd;
workflow often suffers from fragmentation and inefficiency, leading to delays, errors, and&#xd;
increased costs. To address these challenges, this paper introduces the Arch Cloud Chain Dapp&#xd;
project, a decentralized software application that leverages blockchain technology and Building&#xd;
Information Modeling (BIM) to establish a transparent, secure, and efficient platform for&#xd;
stakeholder collaboration in interior design projects. The primary objective of this project is to&#xd;
reduce interior design costs while upholding high standards of quality and transparency.&#xd;
By integrating BIM and blockchain technology, the Arch Cloud Chain Dapp enables stakeholders&#xd;
to collaborate in real-time, significantly mitigating the risk of errors and miscommunication. Smart&#xd;
contracts play a crucial role in ensuring the enforceability and transparency of agreements, while&#xd;
the blockchain serves as an immutable ledger, providing an auditable record of all project&#xd;
transactions. These innovative features present a novel solution to the challenges faced by the&#xd;
interior design and construction industry.&#xd;
The Arch Cloud Chain Dapp project holds significant potential to revolutionize the industry by&#xd;
streamlining processes, enhancing collaboration, and reducing costs. Through its adoption,&#xd;
stakeholders can benefit from improved project outcomes, streamlined communication, and&#xd;
enhanced efficiency, ultimately leading to a more sustainable and prosperous interior design and&#xd;
construction sector.</subfield>
   </datafield>
   <datafield tag="653" ind2=" " ind1=" ">
      <subfield code="a">Àrees temàtiques de la UPC::Arquitectura::Disseny::Interiorisme</subfield>
   </datafield>
   <datafield tag="653" ind2=" " ind1=" ">
      <subfield code="a">Interior decoration</subfield>
   </datafield>
   <datafield tag="653" ind2=" " ind1=" ">
      <subfield code="a">System design</subfield>
   </datafield>
   <datafield tag="653" ind2=" " ind1=" ">
      <subfield code="a">Building information modeling</subfield>
   </datafield>
   <datafield tag="653" ind2=" " ind1=" ">
      <subfield code="a">Interior design</subfield>
   </datafield>
   <datafield tag="653" ind2=" " ind1=" ">
      <subfield code="a">Dapp</subfield>
   </datafield>
   <datafield tag="653" ind2=" " ind1=" ">
      <subfield code="a">BIM</subfield>
   </datafield>
   <datafield tag="653" ind2=" " ind1=" ">
      <subfield code="a">Blockchain</subfield>
   </datafield>
   <datafield tag="653" ind2=" " ind1=" ">
      <subfield code="a">Interiorisme</subfield>
   </datafield>
   <datafield tag="653" ind2=" " ind1=" ">
      <subfield code="a">Disseny de sistemes</subfield>
   </datafield>
   <datafield tag="653" ind2=" " ind1=" ">
      <subfield code="a">Modelatge d'informació de construcció</subfield>
   </datafield>
   <datafield ind2="0" ind1="0" tag="245">
      <subfield code="a">ArchCloudChain Dapp: the efficient workflow for interior designers</subfield>
   </datafield>
</record></metadata></record></GetRecord></OAI-PMH>